Mastering modern world history / (Record no. 310)

MARC details
000 -LEADER
fixed length control field 00687nam a2200241 4500
001 - CONTROL NUMBER
control field 352
005 - DATE AND TIME OF LATEST TRANSACTION
control field 20220616142023.0
008 - FIXED-LENGTH DATA ELEMENTS--GENERAL INFORMATION
fixed length control field 860604s1982 enka b 001 0 eng c
010 ## - LIBRARY OF CONGRESS CONTROL NUMBER
LC control number 86672836
020 ## - INTERNATIONAL STANDARD BOOK NUMBER
International Standard Book Number 0333304497 (pbk.)
International Standard Book Number 0333310691 (export ed.)
International Standard Book Number 0333312953
100 1# - MAIN ENTRY--PERSONAL NAME
Personal name Lowe, Norman.
245 10 - TITLE STATEMENT
Title Mastering modern world history /
Statement of responsibility, etc. Norman Lowe.
260 ## - PUBLICATION, DISTRIBUTION, ETC.
Place of publication, distribution, etc. Chennai :
Name of publisher, distributor, etc. Macmillan,
Date of publication, distribution, etc. 1997.
300 ## - PHYSICAL DESCRIPTION
Extent xxi, 522 p. :
Other physical details ill. ;
Dimensions 23 cm.
490 0# - SERIES STATEMENT
Series statement Macmillan master series
500 ## - GENERAL NOTE
General note Includes index.
504 ## - BIBLIOGRAPHY, ETC. NOTE
Bibliography, etc. note Bibliography: p. 509-513.
650 #0 - SUBJECT ADDED ENTRY--TOPICAL TERM
Topical term or geographic name entry element History, Modern
Chronological subdivision 20th century.
740 0# - ADDED ENTRY--UNCONTROLLED RELATED/ANALYTICAL TITLE
Uncontrolled related/analytical title Modern world history.
942 ## - ADDED ENTRY ELEMENTS (KOHA)
Source of classification or shelving scheme Dewey Decimal Classification
Koha item type Main
Holdings
Withdrawn status Lost status Source of classification or shelving scheme Damaged status Not for loan Collection code Home library Current library Shelving location Date acquired Serial Enumeration / chronology Inventory number Full call number Barcode Date last seen Copy number Price effective from Koha item type
    Dewey Decimal Classification     Main TEST RTC Library RTC Library Main opac 16/06/2022 4808 909.82 LOW 1997 30001298 27/11/2018 2 27/11/2018 Main
Royal Thimphu College || All Right Reserved